¿Existe la filosofía latinoamericana? /
La filosofía tiene que ver con la posibilidad del hombre de pensar su lugar en el mundo. ¿Qué posibilidades tiene América Latina de pensarse a sí misma? Hoy Latinoamérica se propone como realidad y también como futuro.
Guardado en:
| Autor Principal: | |
|---|---|
| Formato: | |
| Publicado: |
Argentina,
2011
|
| Series: | Filosofía aquí y ahora - Temporada 4
|
| Materias: | |
| Acceso en línea: | https://www.educ.ar/recursos/100240/existe-la-filosofia-latinoamericana |
| Etiquetas: |
Agregar Etiqueta
Sin Etiquetas, Sea el primero en etiquetar este registro!
|
| LEADER | 01176ngm a22002775g 4500 | ||
|---|---|---|---|
| 001 | CEM.cems023397 | ||
| 008 | 130507s2011##################0###0#####d | ||
| 005 | 20250331153108.0 | ||
| 245 | 1 | 0 | |a ¿Existe la filosofía latinoamericana? / |c José Pablo Feinmann. |
| 260 | |a Argentina, |c 2011 | ||
| 300 | |a 28'. | ||
| 490 | 0 | |a Filosofía aquí y ahora - Temporada 4 | |
| 520 | |a La filosofía tiene que ver con la posibilidad del hombre de pensar su lugar en el mundo. ¿Qué posibilidades tiene América Latina de pensarse a sí misma? Hoy Latinoamérica se propone como realidad y también como futuro. | ||
| 538 | |a Soporte: DVD - Color: Si - Grabación DRD. | ||
| 590 | |a Identificación anterior registrada en SIABUC: D62D | ||
| 500 | |a Consultar en ventanilla. | ||
| 100 | 1 | |a Feinmann, José Pablo | |
| 082 | 1 | 0 | |/ FEI-4 |
| 653 | |a FILOSOFIA | ||
| 653 | |a FILOSOFIA AQUI Y AHORA | ||
| 653 | |a FEINMANN | ||
| 653 | |a FILOSOFIA LATINOAMERICANA | ||
| 653 | |a AMERICA LATINA | ||
| 653 | |a SERIE DE TELEVISIÓN | ||
| 856 | |u https://www.educ.ar/recursos/100240/existe-la-filosofia-latinoamericana | ||
| 859 | |a CEMS |b BIB. CEMS - Depto. Recursos Didacticos |h 100 |i FEI-4 |k DRD |p 2040.15 |t Ej.1 | ||
